[Event "51st World Juniors"]
[Site "Athens GRE"]
[Date "2012.08.03"]
[Round "2.26"]
[White "Schreiner, Peter"]
[Black "Muhammad, Luthfi Ali"]
[Result "0-1"]
[WhiteTitle "FM"]
[BlackTitle "CM"]
[WhiteElo "2444"]
[BlackElo "2078"]
[WhiteFideId "1621645"]
[BlackFideId "7103743"]
[EventDate "2012.08.02"]

1. Nf3 Nf6 2. c4 g6 3. g3 Bg7 4. Bg2 O-O 5. O-O d6 6. d4 Nc6 7. Nc3 a6 8. b3 Rb8
9. Nd5 Ne4 10. Bb2 f5 11. Qc1 e6 12. Nf4 e5 13. dxe5 dxe5 14. Rd1 Qe8 15. Nd5
Qf7 16. b4 Be6 17. b5 axb5 18. cxb5 Nd4 19. Nxd4 exd4 20. Nf4 Rfd8 21. Nxe6 Qxe6
22. Qxc7 Rbc8 23. Qxb7 Rc2 24. Ba3 Nxf2 25. Qe7 Qxe7 26. Bxe7 Re8 27. Bd5+ Kh8
28. Rac1 Nxd1 29. Rxc2 Nc3 30. a4 Rxe7 31. a5 d3 32. exd3 Bd4+ 33. Kh1 Nxd5 34.
Rc8+ Kg7 35. Rd8 Re1+ 36. Kg2 Re2+ 37. Kh3 g5 38. g4 Nf4+ 39. Kg3 Rg2+ 40. Kf3
fxg4+ 41. Ke4 Re2+ 42. Kxd4 Ne6+ 43. Kd5 Nxd8 44. a6 Ra2 45. Kd6 Kf7 46. d4 Ra5
47. Kc5 Ke7 48. Kb6 Ra4 49. Kc7 Ne6+ 50. Kb7 Nxd4 51. b6 Kd6 52. a7 Nc6 53. a8=R
Rxa8 54. Kxa8 h5 55. b7 Kc7 0-1

[Event "51st World Juniors"]
[Site "Athens GRE"]
[Date "2012.08.03"]
[Round "2.27"]
[White "Van Kampen, Robin"]
[Black "Kalofonos, Panayotis"]
[Result "1-0"]
[WhiteTitle "GM"]
[WhiteElo "2565"]
[BlackElo "1806"]
[WhiteFideId "1020854"]
[BlackFideId "4233824"]
[EventDate "2012.08.02"]

1. e4 c5 2. Nf3 d6 3. d4 cxd4 4. Nxd4 Nf6 5. Nc3 a6 6. Be3 e6 7. f3 Nbd7 8. Qd2
b5 9. g4 b4 10. Na4 Ne5 11. g5 Nh5 12. Be2 Bd7 13. b3 Bxa4 14. bxa4 Qc7 15. a3
Nc4 16. Bxc4 Qxc4 17. Qxb4 Rc8 18. Rb1 e5 19. Qxc4 Rxc4 20. Rb8+ Kd7 21. Ne2
Rxc2 22. Kf2 g6 23. Rb7+ Ke6 24. Rc1 Ra2 25. Rc8 d5 26. exd5+ Kxd5 27. Rbb8 Rxa3
28. Rxf8 Rxf8 29. Rxf8 Ng7 30. Rxf7 Nf5 31. Bd2 Rd3 32. Be1 Rb3 33. Rxh7 Rb2 34.
Rd7+ Ke6 35. Rd2 Rb3 36. Rc2 Kd5 37. Bc3 Nd6 38. Rb2 Ra3 39. Rd2+ 1-0

[Event "51st World Juniors"]
[Site "Athens GRE"]
[Date "2012.08.03"]
[Round "2.28"]
[White "Michelakos, Panagiotis"]
[Black "Yilmaz, Mustafa"]
[Result "0-1"]
[BlackTitle "IM"]
[WhiteElo "2185"]
[BlackElo "2543"]
[WhiteFideId "4216067"]
[BlackFideId "6302718"]
[EventDate "2012.08.02"]

1. e4 c5 2. Nf3 Nc6 3. d4 cxd4 4. Nxd4 e6 5. Nc3 Qc7 6. f4 a6 7. Nxc6 Qxc6 8.
Bd3 b5 9. Qe2 Bb7 10. Bd2 Bc5 11. a4 b4 12. Nd5 Qd6 13. Ne3 Qxf4 14. Nc4 Qh4+
15. g3 Qe7 16. Na5 d6 17. Bb5+ Kf8 18. Bd3 Nf6 19. Rf1 Qc7 20. Nxb7 Qxb7 21. b3
Ke7 22. O-O-O Bd4 23. Bf4 Be5 24. Bxe5 dxe5 25. g4 h6 26. h4 Qb6 27. Bc4 a5 28.
Qf3 Rhf8 29. g5 hxg5 30. hxg5 Ne8 31. Qg3 Qc5 32. g6 Nf6 33. gxf7 Rxf7 34. Qh3
Qc6 35. Rf3 Rd8 36. Rxd8 Kxd8 37. Bxe6 Re7 38. Rd3+ Kc7 39. Bd5 Qc5 40. Qg3 Kb6
41. Kb2 Rc7 42. Bc4 Nxe4 43. Qg6+ Qc6 44. Qxc6+ Rxc6 45. Bd5 Nf2 46. Rg3 Rd6 47.
Bf3 Rf6 48. Be2 Ne4 49. Re3 Nc3 50. Rxe5 Rf2 51. Bd3 Rd2 52. Re1 Rd1 53. Rxd1
Nxd1+ 54. Kc1 Nf2 55. Bh7 Kc5 56. Kd2 Kd4 57. Bg6 Nh3 58. Bf5 Nf4 59. Bg4 g5 60.
Bf5 Nd5 61. Ke2 Ne7 62. Bh3 Nc6 63. Kf3 Ne5+ 64. Kg3 Ke3 65. Bf5 Nc6 66. Kg4 Nd4
67. Bg6 Kd2 68. Kxg5 Nxc2 69. Kf4 Kc3 70. Ke5 Kxb3 0-1

[Event "51st World Juniors"]
[Site "Athens GRE"]
[Date "2012.08.03"]
[Round "2.29"]
[White "Rombaldoni, Axel"]
[Black "Kigel, Dmytro"]
[Result "0-1"]
[WhiteTitle "IM"]
[BlackTitle "FM"]
[WhiteElo "2494"]
[BlackElo "2276"]
[WhiteFideId "815837"]
[BlackFideId "14117932"]
[EventDate "2012.08.02"]

1. d4 Nf6 2. c4 e6 3. Nf3 b6 4. a3 Bb7 5. Nc3 g6 6. Qc2 Bg7 7. e4 O-O 8. e5 Nh5
9. Be2 f6 10. g4 fxe5 11. gxh5 Rxf3 12. d5 Rf5 13. hxg6 h6 14. Be3 Rf8 15. O-O-O
exd5 16. cxd5 c6 17. Qd2 cxd5 18. Nxd5 Nc6 19. Bc4 Qh4 20. f4 Kh8 21. Kb1 Rac8
22. Ba2 exf4 23. Bf2 Qh5 24. Ka1 f3 25. Rhe1 Rce8 26. Nf4 Qb5 27. a4 Qxa4 28.
Rxe8 Rxe8 29. Qxd7 Rg8 30. Bg3 Qc2 31. Rb1 Bc8 32. Qd1 Bxb2+ 33. Rxb2 Qxd1+ 34.
Bb1 Bf5 35. Bh4 Qa4+ 0-1

[Event "51st World Juniors"]
[Site "Athens GRE"]
[Date "2012.08.03"]
[Round "2.30"]
[White "Podolsky, Anton"]
[Black "Shyam, Nikil P."]
[Result "1-0"]
[BlackTitle "IM"]
[WhiteElo "2246"]
[BlackElo "2484"]
[WhiteFideId "14119668"]
[BlackFideId "5024218"]
[EventDate "2012.08.02"]

1. d4 Nf6 2. c4 e6 3. Nc3 Bb4 4. Nf3 d5 5. cxd5 exd5 6. Bg5 Nbd7 7. Rc1 c6 8. a3
Be7 9. e3 h6 10. Bf4 O-O 11. Bd3 Nh5 12. O-O Nxf4 13. exf4 Nf6 14. Ne5 Qd6 15.
Re1 Bd7 16. Bb1 Rfc8 17. Qd3 Be8 18. Re3 g6 19. Rce1 Bf8 20. f5 g5 21. h4 c5 22.
Rg3 cxd4 23. hxg5 dxc3 24. gxf6+ Kh8 25. Qd4 1-0

[Event "51st World Juniors"]
[Site "Athens GRE"]
[Date "2012.08.03"]
[Round "2.31"]
[White "Mihok, Oliver"]
[Black "Sodikov, Ilyas"]
[Result "1-0"]
[WhiteTitle "IM"]
[WhiteElo "2456"]
[BlackElo "2234"]
[WhiteFideId "728012"]
[BlackFideId "13705490"]
[EventDate "2012.08.02"]

1. e4 c5 2. Nf3 d6 3. d4 cxd4 4. Nxd4 Nf6 5. Nc3 g6 6. Be3 Bg7 7. f3 O-O 8. Qd2
Nc6 9. O-O-O d5 10. exd5 Nxd5 11. Nxc6 bxc6 12. Bd4 Bxd4 13. Qxd4 Qb6 14. Na4
Qa5 15. b3 Qc7 16. g3 Bf5 17. Bd3 Bxd3 18. Rxd3 Nb6 19. Rhd1 Rfd8 20. Qxd8+ Rxd8
21. Rxd8+ Kg7 22. Nxb6 axb6 23. f4 Qa7 24. Kb2 e5 25. fxe5 Qe7 26. Kb1 Qxe5 27.
R8d6 Qe4 28. h4 b5 29. a3 c5 30. R6d5 c4 31. Rxb5 Qf3 32. Rc1 Qxg3 33. Rb4 Qxh4
34. Rxc4 Qe7 35. a4 g5 36. a5 h5 37. a6 Qa7 38. Ra4 g4 39. c4 g3 40. c5 Qb8 41.
Ka2 g2 42. a7 Qh2 43. Ka3 g1=Q 44. Rxg1+ Qxg1 45. a8=Q Qxc5+ 46. Kb2 Qf2+ 47.
Kc3 Qe3+ 48. Kc4 Qe2+ 49. Kc5 Qc2+ 50. Rc4 Qxb3 51. Qg2+ Kf8 52. Qg5 Qa3+ 53.
Kd4 Qb2+ 54. Rc3 Qb4+ 55. Kd3 Qb1+ 56. Ke2 Qe4+ 57. Re3 Qc2+ 58. Kf3 Qd1+ 59.
Kg2 Qd2+ 60. Kh3 Qd7+ 61. Kg3 Qd6+ 62. Qe5 Qg6+ 63. Kh2 1-0

[Event "51st World Juniors"]
[Site "Athens GRE"]
[Date "2012.08.03"]
[Round "2.32"]
[White "Bajarani, Ulvi"]
[Black "Nadirashvili, Shalva"]
[Result "1-0"]
[WhiteTitle "IM"]
[WhiteElo "2446"]
[BlackElo "2151"]
[WhiteFideId "13403028"]
[BlackFideId "13601512"]
[EventDate "2012.08.02"]

1. c4 d6 2. Nc3 g6 3. g3 Bg7 4. Bg2 e5 5. d3 Nc6 6. Rb1 Nf6 7. e3 O-O 8. b4 Bg4
9. Nge2 Qd7 10. b5 Nd8 11. O-O Bh3 12. e4 Bxg2 13. Kxg2 Ne6 14. h3 Nh5 15. g4
Nhf4+ 16. Nxf4 exf4 17. Nd5 f5 18. f3 fxg4 19. hxg4 c6 20. bxc6 bxc6 21. Nb4
Rab8 22. Ba3 Nc5 23. Nc2 Rxb1 24. Qxb1 Qe7 25. d4 Ne6 26. e5 c5 27. d5 h5 28.
Qe1 Bxe5 29. dxe6 hxg4 30. Qe4 Kg7 31. Bxc5 Qh4 32. Rh1 gxf3+ 33. Qxf3 Qg5+ 34.
Kf1 dxc5 35. Qb7+ Kf6 36. Rh7 Bd6 37. Ne1 Qf5 38. Qg7+ Kxe6 39. Qd7+ Ke5 40.
Nf3+ Ke4 41. Nd2+ Ke5 42. Nf3+ Ke4 43. Qxd6 Kxf3 44. Qd1+ Kg3 45. Qe1+ Kg4 46.
Qh4+ Kf3 47. Qf2+ Ke4 48. Qe2+ Kd4 49. Rd7+ Kc3 50. Qf3+ Kb2 51. Qb3+ 1-0

[Event "51st World Juniors"]
[Site "Athens GRE"]
[Date "2012.08.03"]
[Round "2.33"]
[White "Krysa, Leandro"]
[Black "Zulfic, Fedja"]
[Result "1-0"]
[WhiteTitle "IM"]
[WhiteElo "2438"]
[BlackElo "2135"]
[WhiteFideId "116807"]
[BlackFideId "3208427"]
[EventDate "2012.08.02"]

1. c4 Nf6 2. Nc3 d5 3. cxd5 Nxd5 4. g3 g6 5. Bg2 Nb6 6. d3 Bg7 7. Be3 O-O 8. Qd2
Re8 9. Bh6 Bh8 10. h4 c5 11. h5 c4 12. hxg6 hxg6 13. Nf3 cxd3 14. Bf8 Bf6 15.
Qh6 d2+ 16. Nxd2 N8d7 17. Nde4 Bd4 18. e3 Nxf8 19. Rd1 Qc7 20. exd4 f6 21. Rc1
Bf5 22. Nb5 Qd7 23. Nc7 Qxd4 24. Qh8+ Kf7 25. Ng5+ 1-0

[Event "51st World Juniors"]
[Site "Athens GRE"]
[Date "2012.08.03"]
[Round "2.34"]
[White "Zhou, Yang-Fan"]
[Black "Papasimakopoulos, Alexandros"]
[Result "1-0"]
[WhiteTitle "IM"]
[WhiteElo "2430"]
[BlackElo "2126"]
[WhiteFideId "468584"]
[BlackFideId "4244125"]
[EventDate "2012.08.02"]

1. e4 e6 2. d4 d5 3. Nd2 Nf6 4. e5 Nfd7 5. f4 c5 6. c3 Nc6 7. Ndf3 a5 8. Bd3 a4
9. Ne2 cxd4 10. cxd4 a3 11. O-O axb2 12. Bxb2 Nb4 13. Bb5 Be7 14. f5 exf5 15.
Nf4 g5 16. e6 fxe6 17. Nxg5 Bxg5 18. Qh5+ Ke7 19. Qxg5+ Kd6 20. Qg3 Rg8 21. Qe1
Nc6 22. Qxe6+ Kc7 23. Nxd5+ Kb8 24. Bxc6 bxc6 25. Ne7 Nb6 26. Nxc6+ Kc7 27. Nxd8
Bxe6 28. Nxe6+ 1-0

[Event "51st World Juniors"]
[Site "Athens GRE"]
[Date "2012.08.03"]
[Round "2.35"]
[White "Bluebaum, Matthias"]
[Black "Arat, Ufuk Sezen"]
[Result "1-0"]
[WhiteTitle "IM"]
[WhiteElo "2424"]
[BlackElo "2124"]
[WhiteFideId "24651516"]
[BlackFideId "6309089"]
[EventDate "2012.08.02"]

1. d4 Nf6 2. c4 g6 3. Nc3 Bg7 4. e4 d6 5. Nf3 O-O 6. Be2 e5 7. Be3 exd4 8. Nxd4
Re8 9. f3 c6 10. Bf2 d5 11. exd5 cxd5 12. O-O Nc6 13. c5 Nh5 14. Qd2 Nxd4 15.
Bxd4 Bxd4+ 16. Qxd4 Qg5 17. f4 Qf6 18. Qd2 d4 19. Nd5 Qd8 20. Bf3 Nf6 21. Qxd4
Nxd5 22. Qxd5 Qxd5 23. Bxd5 Rb8 24. Rfe1 Bd7 25. Rxe8+ Bxe8 26. Rd1 Bc6 27. Kf2
Kg7 28. b4 a5 29. a3 axb4 30. axb4 Ra8 31. Bc4 Ra4 32. Rb1 Kf6 33. g3 Be4 34.
Rb2 Ra3 35. Rb3 Ra2+ 36. Ke3 Bc2 37. Rd3 Ra1 38. Rd7 Re1+ 39. Kf2 Re7 40. Rxe7
Kxe7 41. Bd5 b6 42. cxb6 Kd6 43. b7 1-0

[Event "51st World Juniors"]
[Site "Athens GRE"]
[Date "2012.08.03"]
[Round "2.36"]
[White "Zwakala, Ntando"]
[Black "Dimitrov, Radoslav"]
[Result "0-1"]
[BlackTitle "IM"]
[WhiteElo "2054"]
[BlackElo "2424"]
[WhiteFideId "14308967"]
[BlackFideId "2908549"]
[EventDate "2012.08.02"]

1. e4 c5 2. Nf3 Nc6 3. Bb5 e5 4. O-O d6 5. c3 a6 6. Ba4 b5 7. Bc2 Nf6 8. Re1 Bg4
9. d3 Be7 10. Nbd2 O-O 11. Nf1 h6 12. h3 Be6 13. d4 cxd4 14. cxd4 exd4 15. Nxd4
Nxd4 16. Qxd4 Nd7 17. Ne3 Rc8 18. Qd1 Bg5 19. Bd2 Bf6 20. a4 Bxb2 21. Rb1 Qf6
22. axb5 axb5 23. Bb3 Bd4 24. Qe2 Nc5 25. Bd5 Qg6 26. Rb4 Bxe3 27. Qxe3 Bxd5 28.
exd5 Nd3 29. Rg4 Qf5 30. Qd4 g5 31. Ree4 Qxf2+ 32. Kh2 Qxd2 33. Re3 Rc4 34. Qxd3
Qxd3 35. Rxd3 Rxg4 36. hxg4 b4 37. Rb3 Rb8 38. Kg3 Kg7 39. Kf3 Kg6 40. Ke4 Rb7
41. g3 f6 42. Kd4 f5 43. gxf5+ Kxf5 44. Rf3+ Kg4 45. Rb3 h5 46. Ke4 Rb8 0-1

[Event "51st World Juniors"]
[Site "Athens GRE"]
[Date "2012.08.03"]
[Round "2.37"]
[White "Zervos, Lazaros"]
[Black "Soors, Stef"]
[Result "0-1"]
[BlackTitle "FM"]
[WhiteElo "1799"]
[BlackElo "2364"]
[WhiteFideId "4238362"]
[BlackFideId "209511"]
[EventDate "2012.08.02"]

1. e4 c6 2. Nc3 d5 3. Nf3 Bg4 4. h3 Bxf3 5. Qxf3 e6 6. d3 Nd7 7. Bd2 Bc5 8. g4
Ne7 9. O-O-O a5 10. Qg3 a4 11. a3 b5 12. Na2 e5 13. Bg2 d4 14. f4 Bd6 15. Rdf1
c5 16. Qe1 Qb6 17. g5 b4 18. axb4 Rb8 19. Qe2 cxb4 20. b3 Ra8 21. Kb1 axb3 22.
cxb3 Nc5 23. fxe5 Bxe5 24. Bxb4 Rxa2 25. Qxa2 Qxb4 26. Rc1 O-O 27. Rc4 Qb5 28.
Qa3 Ne6 29. Kb2 Rb8 30. Rhc1 Bd6 31. Qa4 Qxa4 32. Rxa4 Nc5 33. Rxc5 Bxc5 34. Rc4
Bb6 35. Ka3 Ng6 36. Ka4 Ne5 37. Rc2 Nxd3 38. b4 Ne5 39. b5 d3 0-1

[Event "51st World Juniors"]
[Site "Athens GRE"]
[Date "2012.08.03"]
[Round "2.38"]
[White "Caetano, Hugo Zanotti Mendonca"]
[Black "Ivekovic, Zvonimir"]
[Result "0-1"]
[WhiteElo "2109"]
[BlackElo "2320"]
[WhiteFideId "2119420"]
[BlackFideId "14511320"]
[EventDate "2012.08.02"]

1. d4 Nf6 2. c4 g6 3. Nc3 Bg7 4. e4 d6 5. f3 O-O 6. Bg5 c5 7. d5 e6 8. Qd2 Qa5
9. Nb5 Qb6 10. a4 a6 11. a5 axb5 12. axb6 Rxa1+ 13. Kf2 bxc4 14. Ne2 exd5 15.
exd5 Re8 16. g3 Nbd7 17. Bg2 Rxh1 18. Bxh1 Ne5 19. Nc3 Nd3+ 20. Kg2 Bd7 21. g4
Re5 22. Bxf6 Bxf6 23. Ne4 Rxe4 24. fxe4 Nxb2 25. Kf2 c3 26. Qc1 Nd3+ 0-1

[Event "51st World Juniors"]
[Site "Athens GRE"]
[Date "2012.08.03"]
[Round "2.39"]
[White "Kanarek, Marcel"]
[Black "Capone, Nicola"]
[Result "1-0"]
[WhiteTitle "IM"]
[WhiteElo "2487"]
[BlackElo "2120"]
[WhiteFideId "1126822"]
[BlackFideId "224715"]
[EventDate "2012.08.02"]

1. e4 c5 2. Nf3 d6 3. d4 cxd4 4. Nxd4 Nf6 5. Nc3 Nc6 6. Bg5 e6 7. Qd2 a6 8.
O-O-O Bd7 9. f3 h6 10. Be3 b5 11. Nxc6 Bxc6 12. Bd3 Qc7 13. Rhe1 Be7 14. Ne2 Nd7
15. Nd4 Bb7 16. Kb1 Ne5 17. Qe2 Nc4 18. Bc1 Rc8 19. f4 Qb6 20. Nf3 Qc5 21. Bxc4
Qxc4 22. Rd3 b4 23. b3 Qc7 24. Rd4 a5 25. Rc4 Qb6 26. Rxc8+ Bxc8 27. Bb2 Ba6 28.
Qd2 Rg8 29. g4 g5 30. e5 Bb7 31. Bd4 Qa6 32. exd6 Qxd6 33. Ne5 gxf4 34. Nc4 Qd5
35. Qxf4 Ba6 36. Ne3 Qd7 37. Nf5 Bg5 38. Qb8+ Qd8 39. Qa7 Bc8 40. Bc5 Bf4 41.
Ne7 Rxg4 42. Nxc8 Rg2 43. Nd6+ 1-0

[Event "51st World Juniors"]
[Site "Athens GRE"]
[Date "2012.08.03"]
[Round "2.40"]
[White "Andersen, Mads"]
[Black "Ashiku, Franc"]
[Result "1/2-1/2"]
[WhiteTitle "IM"]
[WhiteElo "2464"]
[BlackElo "2152"]
[WhiteFideId "1413864"]
[BlackFideId "4700066"]
[EventDate "2012.08.02"]

1. d4 Nf6 2. c4 g6 3. Nc3 d5 4. Nf3 Bg7 5. Qb3 dxc4 6. Qxc4 O-O 7. e4 a6 8. Be2
b5 9. Qb3 Bb7 10. e5 Nd5 11. O-O c5 12. dxc5 Nd7 13. Nxd5 Nxc5 14. Nxe7+ Qxe7
15. Qa3 Rfe8 16. Bg5 Qf8 17. Rac1 Rac8 18. Bd2 Bxe5 19. Nxe5 Rxe5 20. Be3 Ne6
21. Rxc8 Qxc8 22. Rc1 Qa8 23. Qc3 Rd5 24. Bg4 Qd8 25. h3 Rd3 26. Qe5 Rd5 27. Qg3
Qd6 28. Qh4 f5 29. Bf3 Nd4 30. Bd1 Qe5 31. Kf1 Rd7 32. Qh6 Qe4 33. f3 Qd3+ 34.
Kg1 Re7 35. Bxd4 Qxd4+ 36. Kh2 Qe5+ 37. f4 Qg7 38. Qh4 h6 39. Bb3+ Kh7 40. Rc2
g5 41. fxg5 Qxg5 1/2-1/2

[Event "51st World Juniors"]
[Site "Athens GRE"]
[Date "2012.08.03"]
[Round "2.41"]
[White "Naoum, Spyridon"]
[Black "Galopoulos, Nikolaos"]
[Result "1-0"]
[WhiteElo "2146"]
[BlackElo "2402"]
[WhiteFideId "4227506"]
[BlackFideId "4208951"]
[EventDate "2012.08.02"]

1. d4 Nf6 2. c4 e6 3. Nc3 Bb4 4. g3 O-O 5. Bg2 d5 6. Nf3 dxc4 7. O-O Nc6 8. a3
Be7 9. e4 Na5 10. Be3 c6 11. Qe2 b5 12. Rad1 Bb7 13. Ne5 Qc7 14. f4 Rad8 15. g4
Nd7 16. g5 Nxe5 17. dxe5 Rxd1 18. Qxd1 Rd8 19. Qe1 a6 20. Nd1 Nb3 21. Nf2 Nd4
22. Bd2 Nc2 23. Qe2 Bc5 24. Kh1 Qd7 25. Ba5 Ne3 26. Rc1 Nxg2 27. Bxd8 Nxf4 28.
Rd1 Bd4 29. Qf3 Qxd8 30. Qxf4 c5 31. Ng4 Qa8 32. Re1 Bxb2 33. Nf6+ gxf6 34. gxf6
Kf8 35. Qg4 Bd4 36. Qg7+ Ke8 37. Qg8+ Kd7 38. Qxf7+ Kd8 39. Qe7+ Kc8 40. Qe8+
Kc7 41. Qxa8 Bxa8 42. f7 c3 43. f8=Q Bc6 44. Qe7+ Kb6 45. Qxe6 c2 46. Rc1 Kb7
47. Qf5 1-0

[Event "51st World Juniors"]
[Site "Athens GRE"]
[Date "2012.08.03"]
[Round "2.42"]
[White "Rios, Cristhian Camilo"]
[Black "Liodakis, Konstantinos-Spyros"]
[Result "1-0"]
[WhiteTitle "FM"]
[WhiteElo "2398"]
[BlackElo "2130"]
[WhiteFideId "4403940"]
[BlackFideId "4217136"]
[EventDate "2012.08.02"]

1. d4 e6 2. Nf3 f5 3. c4 Nf6 4. Nc3 d5 5. Bf4 c6 6. e3 Bd6 7. c5 Bc7 8. Bd3 Nbd7
9. O-O O-O 10. b4 Ne4 11. Ne2 Re8 12. Qc2 h6 13. Bxc7 Qxc7 14. Ne1 g5 15. f3
Nef6 16. e4 dxe4 17. fxe4 Ng4 18. Nf3 Ne3 19. Qb3 Nxf1 20. Rxf1 fxe4 21. Bxe4
Nf6 22. Bg6 Rf8 23. Ne5 Qg7 24. Ng3 Bd7 25. Nf5 Qh8 26. Nxd7 Nd5 27. Ne7+ Kg7
28. Nxf8 Rxf8 29. Rxf8 Kxf8 30. Nxd5 Qxd4+ 31. Ne3 Qa1+ 32. Qd1 1-0

[Event "51st World Juniors"]
[Site "Athens GRE"]
[Date "2012.08.03"]
[Round "2.43"]
[White "Kilpatrick, Callum"]
[Black "Lapidus, Mark"]
[Result "1-0"]
[WhiteTitle "FM"]
[WhiteElo "2326"]
[BlackElo "2129"]
[WhiteFideId "414425"]
[BlackFideId "4502299"]
[EventDate "2012.08.02"]

1. e4 e6 2. d4 d5 3. Nc3 Bb4 4. a3 Ba5 5. b4 Bb6 6. e5 Ne7 7. Nf3 a5 8. b5 a4 9.
Bd3 Nd7 10. Ne2 c5 11. c3 cxd4 12. cxd4 Ba5+ 13. Bd2 Bxd2+ 14. Nxd2 Nb6 15. O-O
Nf5 16. Rc1 Bd7 17. Rc5 O-O 18. Qb1 Qe7 19. Rfc1 h6 20. Qb4 Rfd8 21. g3 Be8 22.
Qb1 Nxd4 23. Nxd4 Nc4 24. Qb4 Nxe5 25. Bf1 Qf6 26. Rc7 Rdb8 27. Qc3 Nd7 28. f4
Nb6 29. N4f3 Qd8 30. Qc5 Nc8 31. Ne5 Nd6 32. Nd7 1-0

[Event "51st World Juniors"]
[Site "Athens GRE"]
[Date "2012.08.03"]
[Round "2.44"]
[White "Thavandiran, Shiyam"]
[Black "Jones, William E G"]
[Result "1/2-1/2"]
[WhiteTitle "FM"]
[WhiteElo "2301"]
[BlackElo "2127"]
[WhiteFideId "2605058"]
[BlackFideId "470554"]
[EventDate "2012.08.02"]

1. c4 Nf6 2. g3 g6 3. Bg2 Bg7 4. Nc3 O-O 5. e4 c5 6. Nge2 Nc6 7. d3 Rb8 8. a3 d6
9. Rb1 Bd7 10. b4 Ne8 11. h4 h5 12. O-O Nc7 13. b5 Ne5 14. f4 Ng4 15. Qd2 Ne6
16. Nd1 Nd4 17. Nxd4 Bxd4+ 18. Kh1 f5 19. Qe2 e6 20. Ne3 Nxe3 21. Bxe3 e5 22.
Bxd4 exd4 23. e5 Re8 24. Rbe1 dxe5 25. fxe5 Be6 26. Qd2 Kg7 27. a4 a5 28. bxa6
bxa6 29. Rb1 Qc7 30. a5 Qxe5 31. Qf4 Qxf4 32. gxf4 Rb4 33. Rxb4 cxb4 34. Rb1 Rb8
35. Bc6 b3 36. Rb2 Rb4 37. Kg1 Kf6 38. Kf1 Ke7 39. Ke1 Bf7 40. Bf3 Be8 41. Bd1
Ba4 42. Kd2 Kd6 43. Kc1 Rb8 44. Kb1 Kc5 45. Re2 Kb4 46. Kb2 Kxa5 47. Re6 Rb6 48.
Rxb6 Kxb6 49. Bxb3 Bc6 50. Ka3 a5 51. Ba4 Bf3 52. Kb2 Be2 53. Kc2 Kc5 54. Be8
Kb4 55. Bxg6 Bg4 56. Kc1 a4 57. Kb2 a3+ 58. Ka2 Ka4 59. Be8+ Kb4 60. Bd7 Bh3 61.
c5 Kxc5 62. Kxa3 Bg4 63. Ka4 Bh3 64. Be8 Bf1 65. Bb5 Be2 66. Ka5 Bf1 67. Bc4 Be2
68. Ka4 Bf1 69. Kb3 Be2 70. Kc2 Kb4 71. Kb2 Bf1 72. Bf7 Be2 73. Bg6 Bg4 74. Be8
Be2 75. Bg6 Bg4 76. Bh7 Bh3 77. Bg6 1/2-1/2

[Event "51st World Juniors"]
[Site "Athens GRE"]
[Date "2012.08.03"]
[Round "2.45"]
[White "Yurtseven, Melih"]
[Black "Arvola, Benjamin"]
[Result "1-0"]
[WhiteElo "2126"]
[BlackElo "2300"]
[WhiteFideId "6312160"]
[BlackFideId "1506536"]
[EventDate "2012.08.02"]

1. e4 e5 2. Nf3 Nc6 3. Bb5 a6 4. Ba4 Nf6 5. O-O Be7 6. Re1 b5 7. Bb3 O-O 8. h3
d6 9. c3 Nb8 10. d4 Nbd7 11. Nbd2 Bb7 12. Bc2 Re8 13. b3 Bf8 14. d5 c6 15. c4 a5
16. Nf1 Rc8 17. Bg5 h6 18. Bd2 Nc5 19. N3h2 bxc4 20. bxc4 Ba6 21. Ng4 Bxc4 22.
Nfe3 Bd3 23. Bxd3 Nxd3 24. Bxa5 Nxf2 25. Bxd8 Nxd1 26. Bxf6 Nxe3 27. Nxe3 gxf6
28. a4 Be7 29. a5 Rc7 30. dxc6 Rxc6 31. Nd5 Kf8 32. a6 Ra8 33. a7 Bd8 34. Reb1
Rcc8 35. Rb7 Kg7 36. Rd7 Kg6 37. Ra6 f5 38. Rdxd6+ Kg5 39. exf5 Kxf5 40. Rxh6
Bg5 41. Rh5 Ke4 42. Rxg5 Kxd5 43. Ra5+ Ke6 44. Rgxe5+ Kf6 45. Rf5+ Kg6 46. Rg5+
Kf6 47. Rgf5+ Kg6 48. Rf2 Rc7 49. Ra6+ Kg7 50. Rfa2 Rc4 51. Kh2 Rb4 52. R2a4 Rb3
53. Rg4+ Kf8 54. Ra5 Rb7 55. Rga4 Rb3 56. Rh5 Kg7 57. Rg4+ Kf6 58. Rh6+ Kf5 59.
Ra6 Rb7 60. Rga4 Rc7 61. R4a5+ Kf4 62. h4 Kg4 63. h5 f5 64. h6 Kg5 65. Ra3 Rh7
66. Rg3+ Kh5 67. Rg7 Rhh8 68. h7 1-0

[Event "51st World Juniors"]
[Site "Athens GRE"]
[Date "2012.08.03"]
[Round "2.46"]
[White "Dounis, Alexandros"]
[Black "Torkkola, Henri"]
[Result "1-0"]
[WhiteElo "2298"]
[BlackElo "2123"]
[WhiteFideId "4213238"]
[BlackFideId "507660"]
[EventDate "2012.08.02"]

1. Nf3 Nf6 2. g3 g6 3. Bg2 Bg7 4. d4 d5 5. c4 O-O 6. cxd5 Nxd5 7. O-O Nb6 8. Nc3
Nc6 9. d5 Na5 10. e4 c6 11. Re1 cxd5 12. exd5 h6 13. Bf4 Bg4 14. Qc1 Bxf3 15.
Bxf3 Kh7 16. Be5 Bxe5 17. Rxe5 Nac4 18. Re4 Kg7 19. Rh4 Rh8 20. Be2 Nd6 21. Qd2
Nd7 22. Qd4+ Nf6 23. Qe5 Re8 24. Bd3 e6 25. Qd4 g5 26. Rh3 e5 27. Qe3 e4 28. Bf1
Nf5 29. Qd2 e3 30. fxe3 Nxe3 31. Bb5 Re5 32. Qd4 Qd6 33. Re1 Neg4 34. Rd1 Rd8
35. Be2 Ne3 36. Rd3 Rde8 37. g4 Nexd5 38. Bf3 Qb6 39. Bxd5 Qxb2 40. Rd2 Qa1+ 41.
Rd1 Re1+ 42. Rxe1 Qxe1+ 43. Kg2 Re2+ 44. Nxe2 Qxe2+ 45. Qf2 Qxf2+ 46. Kxf2 Nxd5
47. Rd3 Nb4 48. Rd2 b5 49. Ke3 h5 50. gxh5 f5 51. h6+ Kxh6 52. a3 a5 53. axb4
axb4 54. Rb2 Kh5 55. Rxb4 f4+ 56. Kf3 Kh4 57. Rxb5 1-0

[Event "51st World Juniors"]
[Site "Athens GRE"]
[Date "2012.08.03"]
[Round "2.47"]
[White "Kvaratskhelia, Dimitri"]
[Black "Brown, Andrew"]
[Result "1-0"]
[BlackTitle "IM"]
[WhiteElo "2093"]
[BlackElo "2296"]
[WhiteFideId "13604295"]
[BlackFideId "3206513"]
[EventDate "2012.08.02"]

1. d4 Nf6 2. c4 g6 3. Nc3 Bg7 4. g3 O-O 5. Bg2 d6 6. Nf3 Nbd7 7. O-O e5 8. e4
exd4 9. Nxd4 Re8 10. h3 a6 11. Be3 Rb8 12. Qc2 c5 13. Nde2 b5 14. Rad1 Qc7 15.
cxb5 axb5 16. Nf4 b4 17. Ncd5 Nxd5 18. Nxd5 Qa7 19. b3 Nb6 20. Bf4 Re6 21. h4
Ba6 22. Rfe1 Rbe8 23. Bh3 Nxd5 24. Rxd5 Bc3 25. Re3 Bd4 26. Bxe6 fxe6 27. Rxd6
Bxe3 28. Bxe3 Bb7 29. Qc4 Bc8 30. Rd2 Qf7 31. Bxc5 Qf3 32. Qb5 Qf7 33. Bxb4 e5
34. Ba5 Bg4 35. Qxe8+ Qxe8 36. Rd8 Kf7 37. Rxe8 Kxe8 38. Kg2 Kd7 39. Bc3 Kd6 40.
f3 Be6 41. Kf2 Bf7 42. Ke3 Be6 43. f4 exf4+ 44. gxf4 Kc5 45. Bg7 Kb4 46. Kd4 Ka3
47. Kc5 Bd7 48. Kd6 Bb5 49. Kc5 Bd3 50. e5 Kxa2 51. b4 1-0